000 01877nam a2200397Ia 4500
001 dia_2184
003 CHAP
005 20260320111556.0
007 ta
008 220117s2016 mx bdeofr 001 0 spa d
040 _cCHAP
_amxchpua
090 _aT.C.752
_bM37 EIUPA
_c2016
245 1 0 _aReporte final :
_braíces y tubérculos Huetár norte, S. A., Costa Rica /
_ccoordinador Rubén Marchand Ortega ; colaboradores María Fernanda García Cid...[et al.]
260 _aMéxico :
_bEl autor,
_c2016
300 _a87 hojas :
_bmapas, gráficas, diagramas, tablas, fotos, planos +
_e1 CD-ROM
336 _2rdacontent
_atexto
_btxt
337 _2rdamedia
_ano mediado
_bn
338 _2rdacarrier
_avolumen
_bnc
500 _aEl CD contiene reporte. Los planos están incluidos en el reporte. Grado 7° año
502 _aViaje de Estudios
_b(EIUPA) --
_cUACh. Departamento de Ingeniería Agroindustrial,
_d2016
504 _aBibliografía: hojas 85-87
505 _a5 planos 1. Plano de áreas (Esc. 1:150) -- 2. Plano de distribución de áreas (Cotas) (Esc.1:150) -- 3. Plano de distribución de equipo (Esc. 1:150) -- 4. Diagramas de tuberías e instrumentos -- 5. Diagrama de flujo de proceso
650 1 3 _aRaíces
_xIndustria y comercio
_9152353
_zCosta Rica
650 1 3 _aTubérculos
_xIndustria y comercio
_9152355
_zCosta Rica
650 1 3 _aRoots
_xIndustry and trade
_9152354
_zCosta Rica
650 1 0 _aTubers
_xIndustry and trade
_zCosta Rica
_9152356
700 1 _aMarchand Ortega, Rubén
_9148337
_ecoordinador
700 1 _aGarcía Cid, María Fernanda
_9152357
_ecolaboradora
856 4 1 _uhttp://10.13.5.2/ve/TC752EIUPA/TC572EIUPA2016-REPORTE.pdf
_yDESCARGAR REPORTE
901 _aT.C.752 M37 EIUPA 2016
902 _aM
905 _a5232272016 mx mdel8223123322spa16
942 _2local
942 _cVE
999 _c172705
_d172705